Регионална библиотека "Любен Каравелов" - Русе

Обаянието Е.Т.А. Хофман (Запис номер 527182)

MARC детайли
000 -Лидер
Лидер 03215nam a2200373 a 4500
003 - Код на организацията, давaща контролен номер
Код на организацията, даваща контролен номер BLK
005 - Дата и час на последна редакция
Дата и час на последна редакция 20250218094409.0
007 - Фиксирано поле за физическо описани
Физическо описание ta
008 - Елементи от данни с фиксирана дължина
Елементи с фиксирана дължина 250218b bu |||||r|||| 00| | bu d
020 ## - Международен стандартен номер на книга ISBN
ISBN 9786197667691
040 ## - Източник на каталожния запис
Код на библиотеката BLK
041 ## - Код за език
Език Български
-- Английски
-- Немски
Език за КДБФ Български
080 ## - УДК
9 (RLIN) 235107
УДК текст Немска литература
УДК код 821.112.2
УДК – определител (092)(06)
УДК – код + определител 821.112.2(092)(06)
080 ## - УДК
9 (RLIN) 225703
УДК код 929 Хофман, Ернст Теодор Амадеус
УДК – код + определител 929 Хофман, Ернст Теодор Амадеус
100 1# - Редна дума - Автор
R(LIN) 141604
Автор Черпокова, Светла Кирилова
Години, свързани с автора 1967 -
Биография на автора Филолог
245 ## - Сведения за заглавието
Заглавие Обаянието Е.Т.А. Хофман
Подзаглавни данни сборник с доклади от Международен интердисциплинарен форум "Е.Т.А. Хофман в България", 23 - 26 .10. 2019, Пловдив
Авторска отговорност състав., уводни думи Светла Черпокова
246 11 - Различни форми на заглавието
Различни форми на заглавието Faszination E.T.A. Hoffmann = Fascination: E.T.A. Hoffmann
260 ## - Област на издателските данни
9 (RLIN) 393994
Място на издаване София
Име на издателя Нац. изд. за образование и наука Аз Буки
Година на издаване 2024
Печатница София : Алианс принт
300 ## - Физическа характеристика
Брой страници 423 с. : с ил.
Размер 24 см
380 ## - Жанр
Жанр Литературознание
490 ## - СЕРИИ (Колекции)
9 (RLIN) 497492
Серия Литературнокритическа библиотека Юбилеум
Номер в серията 1
ISSN на серия C635-1425
500 ## - Общи забележки
Обща забележка Изд. на: Кат. по история на литературата и сравнително литературознание при ПУ "Паисий Хилендарски“, E.T.A. Hoffmann-Gesellschaft e. V. – Бамберг, Германия , Съюз на учените в България – Пловдив, Нар. библ. "Иван Вазов“<br/>Съдържа докл. от: Бернхард Шемел, Кристина Шмитц, Камелия Николова, Анна Топалджикова, Димитър Камбуров, Младен Влашки, Дарин Тенев, Огнян Ковачев, Иван Попов, Витана Костадинова, Борис Минков, Камелия Спасова, Илия Точев, Клео Протохристова, Ласка Ласкова, Мария Ендрева, Елица Дубарова, Светла Черпокова, Илиана Елдърова. - Рец.: Амелия Личева, Румяна Станчева. - Рез. на бълг., англ., нем. ез. - За авторите: с. 411-420
504 ## - Забележка за наличие на библиография и др
Библиография Библиогр. след отд. докл.
600 #0 - Име на лице, използвано като предмет
За него / За нея Хофман, Ернст Теодор Амадеус
Свързани дати 1776-1822
Друга информация Немски писател, композитор, диригент, художник.
9 (RLIN) 367399
650 #0 - Допълнително описание по предмет – тема
9 (RLIN) 251825
Предметна рубрика Писатели, немски
653 ## - Ключова дума – ненормативна
9 (RLIN) 190002
Ключови думи литературно творчество
653 ## - Ключова дума – ненормативна
9 (RLIN) 190793
Ключови думи международни конференции
700 ## - Други автори (авторска отговорност)
9 (RLIN) 497493
Друг автор Каменов, Даниел Николаев
700 ## - Други автори (авторска отговорност)
9 (RLIN) 348081
Друг автор Ендрева, Мария Илиева
Авт. отговорност на др. автор съавт.
852 ## - Местоположение
Сигнатура (форматна) Цб 326532
Отдел Хранилище
856 ## - Електронен адрес и достъп
Инструкция (цена за достъп) 0.00
Права за достъп disable
942 ## - АРТИКУЛИ
Вид на библиотечния документ Книги
Скрит в OPAC Не
944 ## - СЪЗДАВАНЕ И РЕДАКЦИЯ на ЗАПИСА
Създаване/Редакция
Дата на регистрацията/редакция Иваничка Йорданова
Служител, извършил регистрацията/редакцията 30560
Номер на служител Геновева Генчева
999 ## - СИСТЕМНИ КОНТРОЛНИ НОМЕРА
Koha biblionumber 527182
Koha biblioitemnumber 527182
Наличности
Код за отписване Код за изгубен артикул Източник на класификационната схема Код за повреда Коз за рестрикции Код за отдаване Артикулен № Име на библиотеката - собственик Име на библиотеката, в която се намира в момента Статус (Текущо местоположение) Дата на вписване в системата Местоположение - отдел Цена в лева Инвентарен номер Систематично азбучна сигнатура Баркод Цена в евро Служебен тип на артикула
  Не е изгубен Universal Decimal Classification Не е повреден само за читалня ползва се в читалня 961286 Регионална библиотека "Любен Каравелов" Русе Регионална библиотека "Любен Каравелов" Русе Хранилище 2025-02-19 Хранилище 20.00 120000918274 Цб 326532 120000918274 10.23 Книги
Vip Innovations Ltd, Rousse, Bulgaria 2025